Algunos motivos en el arte rupestre del Noroeste de la República Argentina / por Eduardo Mario Cigliano
Descripción Física:
p. 293-308 : il., amb làm. ; 27 cm
Colección:
Monografías ; 8
MARC
| LEADER | 00000nam a2200000Ia 4500 | ||
|---|---|---|---|
| 001 | 7795 | ||
| 008 | 160829s1964 xx 000 0 cat d | ||
| 080 | |a FU-21-26 | ||
| 100 | |a Cigliano, Eduardo Mario |9 22898 | ||
| 245 | |a Algunos motivos en el arte rupestre del Noroeste de la República Argentina / por Eduardo Mario Cigliano | ||
| 260 | |a Barcelona : |b Diputación. Instituto de Prehistoria y Arqueología, |c 1964 | ||
| 300 | |a p. 293-308 : |b il., amb làm. ; |c 27 cm | ||
| 490 | |a Monografías ; 8 | ||
| 590 | |a Separata de: Miscelánea en Homenaje al Abate Henri Breuil | ||
| 650 | |a Art prehistòric |x Argentina |9 31916 | ||
| 650 | |a Pintura rupestre |x Argentina |9 31917 | ||
| 650 | |a Petroglifs |x Argentina I |9 31918 | ||
| 650 | |a Argentina |x Arqueologia |9 31919 | ||
| 710 | 2 | |a Instituto de Prehistoria y Arqueología (Barcelona, Catalunya) |9 54255 | |
| 901 | |a Arxiu | ||
| 942 | |n 1 |2 udc | ||
| 952 | |0 0 |1 0 |4 0 |6 FU2126 |7 1 |9 45803 |a Arxiu |b Arxiu |d 2016-12-01 |l 0 |o FU-21-26 |p 7795 |r 2016-12-01 00:00:00 |w 2016-12-01 |y ARXIU | ||
| 999 | |c 49303 |d 49303 | ||